<?xml version="1.0" encoding="UTF-8"?>
<record
    xmlns:xsi="http://www.w3.org/2001/XMLSchema-instance"
    xsi:schemaLocation="http://www.loc.gov/MARC21/slim http://www.loc.gov/standards/marcxml/schema/MARC21slim.xsd"
    xmlns="http://www.loc.gov/MARC21/slim">

  <leader>00560nam a22002057a 4500</leader>
  <controlfield tag="005">20260604131630.0</controlfield>
  <controlfield tag="008">260515b        |||||||| |||| 00| 0 eng d</controlfield>
  <datafield tag="020" ind1=" " ind2=" ">
    <subfield code="a">9781138385979</subfield>
    <subfield code="c">4495.00</subfield>
  </datafield>
  <datafield tag="040" ind1=" " ind2=" ">
    <subfield code="a">MAIN</subfield>
  </datafield>
  <datafield tag="041" ind1=" " ind2=" ">
    <subfield code="a">English</subfield>
  </datafield>
  <datafield tag="082" ind1=" " ind2=" ">
    <subfield code="a">005.82</subfield>
    <subfield code="b">MEN</subfield>
  </datafield>
  <datafield tag="100" ind1=" " ind2=" ">
    <subfield code="a">Menezes, Alfred J.</subfield>
    <subfield code="9">22502</subfield>
  </datafield>
  <datafield tag="245" ind1=" " ind2=" ">
    <subfield code="a">Handbook of Applied Cryptography</subfield>
  </datafield>
  <datafield tag="260" ind1=" " ind2=" ">
    <subfield code="a">New York </subfield>
    <subfield code="b">CRC Pres</subfield>
    <subfield code="c">2025</subfield>
  </datafield>
  <datafield tag="300" ind1=" " ind2=" ">
    <subfield code="a">780</subfield>
  </datafield>
  <datafield tag="650" ind1=" " ind2=" ">
    <subfield code="a">Computer Science (PM (USHA) </subfield>
    <subfield code="9">26808</subfield>
  </datafield>
  <datafield tag="700" ind1=" " ind2=" ">
    <subfield code="a">Oorschot, Paul C. Van</subfield>
    <subfield code="9">22503</subfield>
  </datafield>
  <datafield tag="700" ind1=" " ind2=" ">
    <subfield code="a">Vanstone, Scott A.</subfield>
    <subfield code="9">22504</subfield>
  </datafield>
  <datafield tag="942" ind1=" " ind2=" ">
    <subfield code="c">BK</subfield>
  </datafield>
  <datafield tag="999" ind1=" " ind2=" ">
    <subfield code="c">60809</subfield>
    <subfield code="d">60809</subfield>
  </datafield>
  <datafield tag="952" ind1=" " ind2=" ">
    <subfield code="0">0</subfield>
    <subfield code="1">0</subfield>
    <subfield code="2">ddc</subfield>
    <subfield code="4">0</subfield>
    <subfield code="6">005_820000000000000_MEN</subfield>
    <subfield code="7">1</subfield>
    <subfield code="9">93995</subfield>
    <subfield code="a">MAIN</subfield>
    <subfield code="b">MAIN</subfield>
    <subfield code="d">2026-05-15</subfield>
    <subfield code="l">0</subfield>
    <subfield code="o">005.82 MEN</subfield>
    <subfield code="p">33167</subfield>
    <subfield code="r">2026-05-15</subfield>
    <subfield code="w">2026-05-15</subfield>
    <subfield code="y">REF</subfield>
  </datafield>
  <datafield tag="952" ind1=" " ind2=" ">
    <subfield code="0">0</subfield>
    <subfield code="1">0</subfield>
    <subfield code="2">ddc</subfield>
    <subfield code="4">0</subfield>
    <subfield code="6">005_820000000000000_MEN</subfield>
    <subfield code="7">0</subfield>
    <subfield code="9">94480</subfield>
    <subfield code="a">MAIN</subfield>
    <subfield code="b">MAIN</subfield>
    <subfield code="d">2026-06-05</subfield>
    <subfield code="l">0</subfield>
    <subfield code="o">005.82 MEN</subfield>
    <subfield code="p">34486</subfield>
    <subfield code="r">2026-06-05</subfield>
    <subfield code="w">2026-06-05</subfield>
    <subfield code="y">BK</subfield>
  </datafield>
  <datafield tag="952" ind1=" " ind2=" ">
    <subfield code="0">0</subfield>
    <subfield code="1">0</subfield>
    <subfield code="2">ddc</subfield>
    <subfield code="4">0</subfield>
    <subfield code="6">005_820000000000000_MEN</subfield>
    <subfield code="7">0</subfield>
    <subfield code="9">94481</subfield>
    <subfield code="a">MAIN</subfield>
    <subfield code="b">MAIN</subfield>
    <subfield code="d">2026-06-05</subfield>
    <subfield code="l">0</subfield>
    <subfield code="o">005.82 MEN</subfield>
    <subfield code="p">34487</subfield>
    <subfield code="r">2026-06-05</subfield>
    <subfield code="w">2026-06-05</subfield>
    <subfield code="y">BK</subfield>
  </datafield>
</record>
